[Event "HUN-chT2"]
[Site "?"]
[Date "1993.??.??"]
[Round "?"]
[White "Pasztor, Ferenc"]
[Black "Csapo, Zoltan"]
[Result "1-0"]
[WhiteElo "2190"]
[BlackElo "2265"]
[PlyCount "97"]
[EventDate "1993.??.??"]
[Source "www.chesslib.no"]
[SourceDate "2004.05.04"]

1. d4 Nf6 2. Nf3 b6 3. g3 Bb7 4. Bg2 c5 5. c3 g6 6. Qb3 Qc8 7. O-O c4 8. Qa4 a6 9. Nbd2 b5 10. Qc2 Bg7 11. e4 O-O 12. Ng5 d6 13. f4 h6 14. Ngf3 Nbd7 15. e5 dxe5 16. fxe5 Nd5 17. Re1 Qc7 18. Ne4 f5 19. Nf2 e6 20. h4 Ne7 21. Bf4 Nb6 22. Qd2 Kh7 23. Nh3 Bxf3 24. Bxf3 Nbd5 25. Kg2 Rab8 26. Rh1 b4 27. h5 Rh8 28. hxg6+ Kg8 29. Bxd5 Nxd5 30. Ng1 bxc3 31. bxc3 Ne7 32. Nf3 Nxg6 33. d5 Qd7 34. d6 Kf7 35. Rab1 Qc6 36. Kf2 Rb5 37. Rxb5 Qxb5 38. Re1 Ke8 39. Qd4 Nxf4 40. gxf4 Kf7 41. Qa7+ Kg8 42. Qe7 Kh7 43. Qxe6 Qb2+ 44. Re2 Qxc3 45. Qxf5+ Kg8 46. d7 Qa5 47. Kg3 c3 48. Qe6+ Kh7 49. Ng5+ 1-0

[Event "AUT-chT2O 9495"]
[Site "Austria"]
[Date "1995.??.??"]
[Round "?"]
[White "Schueller, Ernst"]
[Black "Froeschl, Felix"]
[Result "1-0"]
[WhiteElo "2240"]
[BlackElo "2210"]
[PlyCount "104"]
[EventDate "1994.??.??"]
[Source "www.chesslib.no"]
[SourceDate "2004.05.04"]

1. d4 Nf6 2. Nf3 b6 3. g3 Bb7 4. Bg2 c5 5. dxc5 bxc5 6. O-O g6 7. b3 Bg7 8. Bb2 O-O 9. c4 d6 10. Nc3 Nbd7 11. Qc2 Rb8 12. Rad1 Re8 13. Ba1 Qa5 14. e4 Ng4 15. h3 Nge5 16. Nxe5 Nxe5 17. Nd5 Nc6 18. Bxg7 Kxg7 19. Qc3+ Qxc3 20. Nxc3 Ba6 21. f4 Nd4 22. e5 Bb7 23. Rfe1 Bxg2 24. Kxg2 Kf8 25. Kf2 Rb6 26. exd6 exd6 27. Rxe8+ Kxe8 28. Nd5 Rb7 29. Re1+ Kf8 30. g4 h6 31. g5 hxg5 32. fxg5 Ne6 33. h4 Kg7 34. Kf3 Rb8 35. Nf6 a5 36. Kg4 Ra8 37. Rd1 Nd4 38. h5 gxh5+ 39. Nxh5+ Kf8 40. Nf6 Ra7 41. Rh1 Ke7 42. Rh8 Ke6 43. Nd5 Ke5 44. Re8+ Ne6 45. Nf4 a4 46. g6 axb3 47. axb3 fxg6 48. Rxe6+ Kd4 49. Rxd6+ Kc3 50. Rb6 Ra3 51. Nxg6 Rxb3 52. Rxb3+ Kxc4 1-0

[Event "Bayern-ch Bank Hofmann 3rd"]
[Site "Bad Wiessee"]
[Date "1999.10.24"]
[Round "2"]
[White "Ranft, Steffen"]
[Black "Paschall, William M"]
[Result "1-0"]
[WhiteElo "2105"]
[BlackElo "2332"]
[PlyCount "82"]
[EventDate "1999.10.23"]
[Source "www.chesslib.no"]
[SourceDate "2004.05.04"]

1. d4 Nf6 2. Nf3 b6 3. g3 Bb7 4. Bg2 c5 5. dxc5 bxc5 6. c4 g6 7. b3 Bg7 8. Bb2 O-O 9. O-O d6 10. Nc3 Nbd7 11. Qc2 Qb8 12. Rfe1 Rd8 13. e4 e6 14. Rad1 a6 15. Qe2 Ng4 16. Ng5 Nge5 17. f4 Nc6 18. Nf3 Nd4 19. Qd2 Re8 20. Ne2 e5 21. fxe5 dxe5 22. Nc3 a5 23. Nd5 a4 24. b4 Bxd5 25. exd5 Nxf3+ 26. Bxf3 cxb4 27. d6 Qb6+ 28. Kg2 Rad8 29. Bd5 Rf8 30. Qg5 Kh8 31. Qe7 Bf6 32. Bxe5 Bxe5 33. Rxe5 Nxe5 34. Qxe5+ f6 35. Qe4 Qxd6 36. Qc2 Rfe8 37. Qxa4 Re2+ 38. Kf1 Rxh2 39. Re1 Qd7 40. Qxd7 Rxd7 41. Rb1 Rxd5 1-0

[Event "Camp. svizzero a sq. - Gligoric-Wollish"]
[Site "Svizzera"]
[Date "2008.09.07"]
[Round "7.6"]
[White "Rasovic, Dragan"]
[Black "Moor, Olivier"]
[Result "0-1"]
[WhiteElo "2061"]
[BlackElo "2376"]
[PlyCount "106"]
[EventDate "2008.03.02"]
[Source "www.chesslib.no"]
[SourceDate "2004.05.04"]

1. d4 Nf6 2. Nf3 b6 3. g3 Bb7 4. Bg2 c5 5. dxc5 bxc5 6. c4 g6 7. b3 Bg7 8. Bb2 O-O 9. O-O d6 10. Nc3 Nbd7 11. Qc2 a5 12. Rfe1 Re8 13. Rad1 Qb8 14. h3 Nb6 15. a4 Bc6 16. Nd2 Bxg2 17. Kxg2 Qb7+ 18. Kh2 Nbd7 19. Nb5 Nb8 20. Bc3 Nc6 21. Ne4 Nxe4 22. Qxe4 Bxc3 23. Nxc3 Rab8 24. Nb5 Nd4 25. Qxb7 Rxb7 26. Rd3 Rc8 27. Kg2 Kf8 28. e3 Nc6 29. Red1 f6 30. R3d2 Rd7 31. f4 Nd8 32. Kf3 Nf7 33. Rd3 Rcd8 34. e4 e6 35. R3d2 Ke7 36. Ke3 Rb7 37. Rd3 Rb6 38. R3d2 h5 39. Rg2 Rh8 40. Rgd2 Rd8 41. Rg2 Rb7 42. Rgd2 Rbd7 43. Kf3 f5 44. e5 dxe5 45. Rxd7+ Rxd7 46. Rxd7+ Kxd7 47. fxe5 g5 48. h4 Nxe5+ 49. Kf2 gxh4 50. gxh4 Ng6 51. Kg3 e5 52. Nc3 e4 53. Nd5 Ke6 0-1

[Event "It (Open) Budapest HUN"]
[Site "?"]
[Date "2006.03.28"]
[Round "6.6"]
[White "Halldorsson Jon Arni"]
[Black "Lengyel Bela"]
[Result "0-1"]
[WhiteElo "2145"]
[BlackElo "2291"]
[PlyCount "74"]
[EventDate "2006.??.??"]
[Source "www.chesslib.no"]
[SourceDate "2004.05.04"]

1. d4 Nf6 2. Nf3 b6 3. g3 Bb7 4. Bg2 c5 5. c4 cxd4 6. Qxd4 Nc6 7. Qd1 Ne5 8. Nbd2 Qc8 9. b3 d6 10. O-O Ned7 11. Bb2 e6 12. Re1 Be7 13. Rc1 O-O 14. Nd4 Bxg2 15. Kxg2 Qb7+ 16. Kg1 g6 17. e4 a6 18. Qe2 Rfe8 19. Nb1 e5 20. Nc2 b5 21. Nd2 b4 22. f3 a5 23. a4 Nc5 24. Ne3 Bf8 25. Rb1 Bh6 26. Bc1 Bxe3+ 27. Qxe3 Nh5 28. Nf1 Ng7 29. Rd1 Qb6 30. Qf2 f5 31. Be3 Nge6 32. Rd5 fxe4 33. fxe4 Rf8 34. Qc2 Rf3 35. Rbd1 Raf8 36. Rxd6 Rxf1+ 37. Kg2 Qc7 0-1

[Event "Espergarde"]
[Site "Espergarde"]
[Date "1974.??.??"]
[Round "6"]
[White "Brask, S."]
[Black "Kayser, Ib"]
[Result "1/2-1/2"]
[WhiteElo "2200"]
[BlackElo "2200"]
[PlyCount "82"]
[EventDate "1974.??.??"]
[Source "www.chesslib.no"]
[SourceDate "2004.05.04"]

1. Nf3 Nf6 2. d4 b6 3. g3 Bb7 4. Bg2 c5 5. O-O cxd4 6. Nxd4 Bxg2 7. Kxg2 Nc6 8. Nf5 d5 9. Bg5 Qd7 10. Bxf6 Qxf5 11. Bc3 d4 12. Bd2 e5 13. a4 Be7 14. Na3 O-O 15. e3 Rfd8 16. Qf3 Qxf3+ 17. Kxf3 Rac8 18. Nc4 f6 19. b3 Bb4 20. Rfd1 dxe3 21. Bxe3 Bc3 22. Rab1 Nb4 23. Rxd8+ Rxd8 24. Na3 Nc6 25. Nb5 Bd4 26. Rd1 a6 27. Nxd4 exd4 28. Bf4 Re8 29. Bc7 b5 30. axb5 axb5 31. Bb6 Ra8 32. Bxd4 Ra2 33. c3 Rb2 34. b4 Kf7 35. Ke3 Ke6 36. Bc5 Ne5 37. h3 Nc4+ 38. Kf3 Rc2 39. Bd4 Nd2+ 40. Ke3 Nb3 41. f4 Rg2 1/2-1/2

[Event "Balatonbereny op"]
[Site "Balatonbereny"]
[Date "1997.??.??"]
[Round "1"]
[White "Heyl, Thomas"]
[Black "Nagy, Ervin"]
[Result "0-1"]
[WhiteElo "2085"]
[BlackElo "2310"]
[PlyCount "132"]
[EventDate "1997.??.??"]
[Source "www.chesslib.no"]
[SourceDate "2004.05.04"]

1. d4 Nf6 2. Nf3 b6 3. g3 Bb7 4. Bg2 c5 5. c4 cxd4 6. Qxd4 g6 7. O-O Bg7 8. Nc3 O-O 9. Qd3 Qc8 10. b3 d6 11. Bb2 Nbd7 12. Rad1 Re8 13. Qb1 a6 14. Rfe1 b5 15. cxb5 axb5 16. Nxb5 Be4 17. Qa1 Nc5 18. Nfd4 Bxg2 19. Kxg2 Qb7+ 20. Kg1 Ra6 21. Qb1 Rea8 22. Nc3 Nfe4 23. a4 Nxc3 24. Bxc3 Nxb3 25. Qb2 Nc5 26. Qxb7 Nxb7 27. Nb5 Rxa4 28. Bxg7 Kxg7 29. Nc7 Rd8 30. Nd5 e6 31. Nf4 d5 32. Rc1 Rc4 33. Ra1 Rc7 34. Ra7 Rdd7 35. Ra8 Nd6 36. Nd3 Ra7 37. Rb8 Rdc7 38. Reb1 Ra2 39. R1b2 Rxb2 40. Rxb2 Kf6 41. h4 h5 42. Nf4 Ke5 43. Kg2 Kd4 44. Rb6 Kc5 45. Ra6 Nc4 46. Nh3 Rd7 47. Ng5 e5 48. Rf6 Nd6 49. Kf1 e4 50. e3 d4 51. exd4+ Kxd4 52. Rf4 f5 53. f3 Ra7 54. fxe4 Ra1+ 55. Ke2 Ra2+ 56. Kf1 fxe4 57. Rf6 Nf5 58. Rxg6 Nxg3+ 59. Kg1 Ne2+ 60. Kh1 Nf4 61. Rf6 Rf2 62. Rf8 Rf1+ 63. Kh2 e3 64. Nh3 e2 65. Ng1 e1=Q 66. Nf3+ Rxf3 0-1

[Event "Wch U16"]
[Site "Guarapuava"]
[Date "1995.??.??"]
[Round "2"]
[White "Cvek, Robert"]
[Black "Samulevicius, Tomas"]
[Result "1/2-1/2"]
[WhiteElo "2285"]
[BlackElo "2095"]
[PlyCount "35"]
[EventDate "1995.??.??"]
[Source "www.chesslib.no"]
[SourceDate "2004.05.04"]

1. d4 Nf6 2. Nf3 b6 3. g3 Bb7 4. Bg2 c5 5. O-O cxd4 6. Qxd4 e6 7. c4 Bc5 8. Qh4 O-O 9. b3 Be7 10. Bb2 Qc7 11. Nc3 a6 12. Rac1 d6 13. Qd4 Nbd7 14. Rfd1 Rfd8 15. Ne1 Bxg2 16. Nxg2 Qb7 17. Ne3 b5 18. Rc2 1/2-1/2

[Event "It (Men) Budapest HUN"]
[Site "?"]
[Date "1998.??.??"]
[Round "?"]
[White "Goczo Melinda"]
[Black "Szirmai Eduard"]
[Result "0-1"]
[WhiteElo "2170"]
[BlackElo "2190"]
[PlyCount "176"]
[EventDate "1998.??.??"]
[Source "www.chesslib.no"]
[SourceDate "2004.05.04"]

1. d4 Nf6 2. Nf3 b6 3. g3 Bb7 4. Bg2 c5 5. c4 cxd4 6. O-O Qc8 7. b3 d6 8. Qxd4 Nc6 9. Qh4 e6 10. Bg5 Be7 11. Nc3 O-O 12. Rac1 h6 13. Bd2 Qc7 14. Rfd1 Rad8 15. Be1 Qb8 16. Qf4 Rd7 17. e4 Rfd8 18. h3 Ne5 19. Nd4 Ng6 20. Qe3 d5 21. cxd5 exd5 22. exd5 Nxd5 23. Nxd5 Bxd5 24. Bxd5 Rxd5 25. Nc6 Rxd1 26. Nxb8 Rxc1 27. Qxc1 Rxb8 28. Kg2 Bd6 29. Qc4 Bc5 30. Bc3 Rd8 31. b4 Bf8 32. Qc7 Rd3 33. Qc4 Rd7 34. Qc6 Rd3 35. Qc4 Rd7 36. Kf1 Bd6 37. Bd4 Nf8 38. Be3 Ne6 39. Qc6 Rd8 40. a3 Nf8 41. Ke2 Be7 42. h4 Rd6 43. Qa4 Rd7 44. Bf4 Bd8 45. Qc6 Be7 46. Be5 Bd8 47. Bd6 Be7 48. Be5 Bd8 49. h5 Be7 50. f3 Rd8 51. Qa4 Ra8 52. Bc7 Bd8 53. Bxd8 Rxd8 54. Qxa7 Rd6 55. Qb8 Re6+ 56. Kd3 f6 57. g4 f5 58. a4 fxg4 59. fxg4 Kf7 60. Qc7+ Kf6 61. Kd4 b5 62. axb5 Re8 63. Qf4+ Ke7 64. Qc7+ Kf6 65. Kd5 Ne6 66. Qa7 Rd8+ 67. Kc6 Nd4+ 68. Kc7 Nxb5+ 69. Kxd8 Nxa7 70. Kc7 Nb5+ 71. Kc6 Nc3 72. Kc5 Ne4+ 73. Kd4 Nd6 74. Kc5 Ke5 75. Kc6 Ke6 76. Kc5 Ne4+ 77. Kc6 Nc3 78. Kc5 Ke5 79. Kc4 Ne4 80. Kb5 Kd5 81. Ka6 Nd6 82. Kb6 Nc4+ 83. Kc7 Ke6 84. Kc6 Ne5+ 85. Kc7 Nxg4 86. b5 Nf6 87. Kc6 Nxh5 88. b6 Nf6 0-1

[Event "Budapest HUN"]
[Site "?"]
[Date "2003.??.??"]
[Round "2"]
[White "Frank Jozsef"]
[Black "Szirmai Eduard"]
[Result "1/2-1/2"]
[WhiteElo "2000"]
[BlackElo "2175"]
[PlyCount "68"]
[EventDate "2003.??.??"]
[Source "www.chesslib.no"]
[SourceDate "2004.05.04"]

1. d4 Nf6 2. Nf3 b6 3. g3 Bb7 4. Bg2 c5 5. O-O e6 6. c3 Be7 7. Bg5 O-O 8. Nbd2 d6 9. Qb3 Nbd7 10. a4 Rb8 11. Rfe1 d5 12. Rad1 h6 13. Bxf6 Nxf6 14. Ne5 Qc7 15. e3 Rbc8 16. f4 Bd6 17. Ndf3 Ne4 18. Nd2 Nxd2 19. Rxd2 Bc6 20. Nxc6 Qxc6 21. Rf2 g6 22. Rd2 Rce8 23. Kh1 Qd7 24. Rdd1 Qc7 25. e4 dxe4 26. Rxe4 cxd4 27. Rexd4 Rd8 28. Qb5 Qb8 29. Qc6 Be7 30. Be4 Bf6 31. Rd7 Rxd7 32. Rxd7 Rd8 33. Kg2 Rxd7 34. Qxd7 Qd8 1/2-1/2

[Event "Bad Schussenried(16.09-24.09)"]
[Site "?"]
[Date "1994.??.??"]
[Round "3"]
[White "Stumpf Walter"]
[Black "Breustedt Werner"]
[Result "1/2-1/2"]
[WhiteElo "1945"]
[BlackElo "2145"]
[PlyCount "124"]
[EventDate "1994.??.??"]
[Source "www.chesslib.no"]
[SourceDate "2004.05.04"]

1. d4 Nf6 2. Nf3 b6 3. g3 Bb7 4. Bg2 c5 5. c3 Na6 6. O-O e6 7. Re1 Be7 8. Nbd2 Qc8 9. Nb3 Bd5 10. Bg5 Qb7 11. Nh4 Bxg2 12. Nxg2 h6 13. Bxf6 Bxf6 14. e3 h5 15. h4 g5 16. hxg5 Bxg5 17. Nd2 cxd4 18. exd4 O-O-O 19. Nf3 f6 20. Nfh4 Bxh4 21. Nxh4 Rdg8 22. d5 Rg4 23. dxe6 dxe6 24. Qf3 Qxf3 25. Nxf3 e5 26. Kf1 Nc5 27. Rad1 e4 28. Nh2 Rg5 29. b4 h4 30. g4 Na4 31. Rxe4 b5 32. Re6 Rf8 33. f4 Rg7 34. Rdd6 f5 35. g5 Nxc3 36. Nf3 h3 37. a3 Kb7 38. Rh6 Re8 39. Ne5 Ne4 40. Rd7+ Rxd7 41. Nxd7 Re7 42. Nc5+ Nxc5 43. bxc5 Re4 44. Rxh3 Rxf4+ 45. Kg2 Rd4 46. g6 Rd8 47. Rh7+ Kc6 48. Rxa7 Rd4 49. Kf3 Rg4 50. Rf7 Rxg6 51. Rxf5 Rh6 52. Ke3 Rh4 53. Kd3 Ra4 54. Kc3 Rxa3+ 55. Kb4 Ra4+ 56. Kb3 Rc4 57. Rh5 Rc1 58. Kb4 Rb1+ 59. Kc3 Ra1 60. Kb4 Ra4+ 61. Kb3 Rc4 62. Rg5 Kb7 1/2-1/2

[Event "Bad Wörishofen (04.03.-12.03)"]
[Site "?"]
[Date "1994.??.??"]
[Round "9"]
[White "Bareth Walter"]
[Black "Schmitzer Horst"]
[Result "1/2-1/2"]
[WhiteElo "1941"]
[BlackElo "2140"]
[PlyCount "53"]
[EventDate "1994.??.??"]
[Source "www.chesslib.no"]
[SourceDate "2004.05.04"]

1. d4 Nf6 2. Nf3 b6 3. g3 Bb7 4. Bg2 c5 5. dxc5 bxc5 6. c4 g6 7. O-O Bg7 8. Nc3 O-O 9. Bf4 d6 10. Qd2 Re8 11. Nh4 Bxg2 12. Nxg2 Nc6 13. Bh6 Bh8 14. f3 Rb8 15. Nf4 Nd4 16. e4 Nd7 17. Nd3 Qa5 18. Rac1 e6 19. Bf4 Rb6 20. Kg2 Qa6 21. b3 Qc8 22. Rfe1 Qc6 23. Nf2 Bg7 24. Bh6 Bh8 25. Bf4 Ne5 26. Bxe5 Bxe5 27. Ng4 1/2-1/2

[Event "Steinfurt"]
[Site "?"]
[Date "2004.05.08"]
[Round "8.7"]
[White "Galluschke Thorsten"]
[Black "Uhlenbrock Dirk"]
[Result "1/2-1/2"]
[WhiteElo "1580"]
[BlackElo "1466"]
[PlyCount "46"]
[EventDate "2004.??.??"]
[Source "www.chesslib.no"]
[SourceDate "2004.05.04"]

1. d4 Nf6 2. Nf3 b6 3. g3 Bb7 4. Bg2 c5 5. e3 g6 6. Nbd2 Bg7 7. c3 O-O 8. O-O d6 9. Rb1 Nbd7 10. Re1 Qc7 11. b3 Ne4 12. Bb2 Rac8 13. Qe2 e6 14. c4 Nxd2 15. Qxd2 Nf6 16. Qe2 Ne4 17. Red1 d5 18. dxc5 Nxc5 19. Bxg7 Kxg7 20. cxd5 Bxd5 21. Rbc1 Qb7 22. Ne1 Bxg2 23. Nxg2 Rfd8 1/2-1/2